5HLuxD.jpg

KING HENRY VIII SENIOR AND PRIMARY SCHOOL LIBRARY OPAC

AFRICANA (Record no. 4727)

000 -LEADER
fixed length control field 00333nam a22001217a 4500
008 - FIXED-LENGTH DATA ELEMENTS--GENERAL INFORMATION
fixed length control field 250312b ||||| |||| 00| 0 eng d
020 ## - INTERNATIONAL STANDARD BOOK NUMBER
International Standard Book Number 9780711269804
082 ## - DEWEY DECIMAL CLASSIFICATION NUMBER
Classification number 960 CHA
100 ## - MAIN ENTRY--PERSONAL NAME
Personal name CHAKANETSA,KIM
Relator term AUTHOR
245 ## - TITLE STATEMENT
Title AFRICANA
260 ## - PUBLICATION, DISTRIBUTION, ETC.
Name of publisher, distributor, etc. WIDE EYED EDITIONS
Date of publication, distribution, etc. 100 CUMMINGS CENTRE,SUITE 265D,BEVERLY,MA 01915 USA.
942 ## - ADDED ENTRY ELEMENTS (KOHA)
Source of classification or shelving scheme
Holdings
Withdrawn status Lost status Source of classification or shelving scheme Damaged status Not for loan Collection code Permanent Location Current Location Shelving location Date acquired Total Checkouts Full call number Barcode Date last seen Date last checked out Price effective from Koha item type Public note
          Non-Fiction KH8 Primary School Library KH8 Primary School Library Non Fiction 2025-03-12 1 960 CHA KHPL000006544 2026-01-21 2025-10-01 2025-03-12 Books - Non Ficton KH8 PRIMARY LIBRARY

Powered By KH8 IT Dept